[Event "VAM Hoogeveen"]
[Site "Hoogeveen"]
[Date "1997.10.12"]
[Round "2"]
[White "Sutovsky, Emil"]
[Black "Polgar, Judit"]
[Result "1-0"]
[WhiteElo "2590"]
[BlackElo "2670"]
[Annotator "Ribli,Z"]
[PlyCount "63"]
[EventDate "1997.10.11"]
[EventType "tourn"]
[EventRounds "6"]
[EventCountry "NED"]
[EventCategory "14"]
[SourceTitle "CBM 062"]
[Source "ChessBase"]
[SourceDate "1998.01.31"]
[SourceVersion "1"]
[SourceVersionDate "1998.01.31"]
[SourceQuality "1"]

1. e4 c5 2. Nf3 e6 3. Nc3 Nc6 (3... a6 4. d4 (4. g3) 4... cxd4 5. Nxd4 Qc7 {
Und Schwarz spielt die Paulsen-Variante, aber das System mit c2-c4 ist nicht
mehr möglich. Ribli.} (5... d6)) 4. d4 cxd4 5. Nxd4 Qc7 6. g3 a6 (6... Nf6 $6
7. Bf4 $1 {Das ist die Nebenidee in der Variante mit 6.g3.} e5 8. Ndb5 Qb8 9.
Bg5 $14) 7. Bg2 Nf6 8. O-O Nxd4 (8... h6 9. Re1 Nxd4 10. e5 $5 $14) (8... Bc5)
(8... Be7 9. Re1 O-O 10. Nxc6 dxc6 11. e5 Rd8 {Nach meiner Meinung hat Weiß
hat nur mikroskopische Vorteil in dieser Variante. Die Turnierpraxis zeigt
gute schwarze Ausgleichschancen.}) 9. Qxd4 Bc5 10. Bf4 d6 (10... Bxd4 11. Bxc7
{[%csl Gc7] Schwarz hat Entwicklungsprobleme mit dem Damenläufer und Schwächen
auf den schwarzen Feldern.} d5 12. exd5 Bxc3 13. bxc3 Nxd5 14. Be5 f6 15. c4 $1
Nb4 (15... fxe5 16. cxd5 exd5 17. Bxd5 $16 {[%csl Gd5]}) 16. Bc3 Nc6 17. Rab1
$14 {[%cal Gb1b7]}) 11. Qd2 h6 {Schwarz muß so spielen, sonst wäre nach
folgendem 12...e5 13.Bg5 unangenehm.} 12. Rad1 e5 13. Be3 Ke7 {Auf ersten
Blick ist das eine verdächtige Variante, aber bisher war Schwarz "O.K.". Der
schwarze König steht nicht so schlecht in der Mitte, denn die Stellung ist
geschlossen.} 14. Bxc5 Qxc5 (14... dxc5 15. Nd5+ Nxd5 16. exd5 Qd6 17. f4 $40)
15. Na4 Qc6 $6 {Nach meiner Meinung ist der andere Damezug besser als die
Partiefortsetzung.} (15... Qc7 16. f4 Rd8 (16... Be6 17. fxe5 dxe5 18. Qb4+ Ke8
19. Nb6 Rd8 20. Rxd8+ Qxd8 21. Qc5 Qb8 22. Rd1 {1-0 Radu,E-Hernandez,Y/
WchJW-U20 1990 (40)}) 17. Qb4 a5 18. Qa3 Ke8 19. c4 Ra6 20. b3 Bd7 21. Nc3 Bc6
22. h3 Raa8 23. Rd3 Rd7 24. Kh2 Rad8 {1/2-1/2 Aleksic,N-Kovacevic,S/JUG-chT FL
1990 (35)}) 16. f4 $1 {Weiß mobilisiert alle Reserven für den Angriff.} (16. c4
Bg4 17. f3 Be6 18. b3 b5 19. cxb5 axb5 20. Rc1 Qb7 21. Rfd1 Qb8 22. Nc3 b4 23.
Nd5+ Bxd5 24. exd5 Ra5 {0-1 Campora,D-Rajkovic,D/Bern 1988 (45)}) 16... a5 $8 {
Die einzige Verteidigung gegen 17.dxe5 dxe5 18.Qb4.} (16... Nd7 $2 17. Nc3 $1
Nb6 18. Nd5+ Nxd5 19. exd5 $18) (16... Bg4 $2 17. fxe5 $1 dxe5 18. Qb4+ Ke8 19.
Rd2 (19. Rd6 $16) 19... Rc8 20. h3 Bd7 21. Nb6 Rc7 22. Rfd1 Qe6 23. Rd6 Qe7 24.
Qd2 Rg8 25. Kh2 g5 26. Rxf6 Qxf6 27. Nxd7 {1-0 Varga,Z-Horvath,G/HUN-chop 1990
(29)}) (16... Qxa4 17. Qxd6+ Ke8 18. Qd8#) 17. Qd3 (17. fxe5 dxe5 18. Nc3 (18.
Qd3 b5 19. Nc3 Qc5+ 20. Kh1 Be6 21. Nd5+ Bxd5 22. exd5 Qd6 23. Rde1 Rhc8 24.
Qf5 Kf8 25. Rxe5 Rxc2 26. Qxc2 Qxe5 27. Qc6 Rb8 28. Rf5 Qe1+ 29. Rf1 Qe5 30.
Rf5 {1/2-1/2 Gdanski,J-Dorfman,J/Rubinstein mem 1992}) 18... Be6 19. Nd5+ Bxd5
20. exd5 Qd6 21. Rf5 Rhe8 22. c4 Kf8 23. Rdf1 b6 24. b3 Ra7 25. Rxf6 gxf6 26.
Qxh6+ Ke7 27. Be4 $44 {1-0 Gdanski,J-Adler,J/WchJM U26 1992 (41)}) 17... Ra6 $2
$146 {Eine schlecht vorbereitete Neuerung. Schwarz verteidigt sich gegen das
Eindringen des Turmes nach 18.fxe5 dxe5 19.Qa3 Ke8, aber der 20. weiße Zug
entscheidet praktisch die Partie.} (17... b5 18. Nc3 Be6 19. Qxb5 Qxb5 20. Nxb5
Bc4 21. Nxd6 Bxf1 22. Nf5+ Kf8 23. Rxf1 Nd7 24. Rd1 Ra7 25. Bh3 $44 {1-0
Kotronias,V-Damljanovic,B/Belgrade 1993/CBM 39/[Ribli] (40)}) 18. fxe5 dxe5 19.
Qa3+ Ke8 20. Rf3 $1 $16 {[%cal Rf3c3] Das Turmmanöver entscheidet den Kampf.
Leider kann Schwarz wegen der Regeln nicht rochieren, dies wäre die einzige
Rettung.} b5 (20... Bg4 21. Rc3 Bxd1 22. Rxc6 Rxc6 (22... bxc6 23. Qd3 $18 {
[%cal Rd3d1,Rd3a6]}) 23. Bf1 {[%csl Re8][%cal Rf1b5]}) (20... Qxc2 21. Nc3 {
[%csl Re8] Und es droht 22.Rf2.}) 21. Rc3 Qb7 (21... Qe6 22. Rcd3 Qe7 (22... b4
23. Rd8+ Ke7 24. Qd3) 23. Qc5 $1 Qxc5+ (23... Bd7 24. Bh3 $1 $18) 24. Nxc5 Rc6
25. Rd8+ Ke7 26. Rxh8 $16) 22. Qc5 {[%csl Gc3,Gc5,Gd1,Re5,Re8]} Bd7 (22... Be6
23. Bf1 bxa4 24. Qb5+ Qxb5 25. Bxb5+ $16) 23. Qxe5+ Re6 24. Qd4 bxa4 $8 25. e5
{Endlich kommt die letzte weiße Figur, der g2-Läufer, ins Spiel.} Qb6 26. exf6
gxf6 27. Bh3 $1 {Die letzte Pointe der Partie.} Qxd4+ (27... Re1+ $2 $18 28.
Rxe1+ {[%cal Re1e8]}) 28. Rxd4 {Trotz Damentausches hat Weiß überlegenen
Angriff und gewinnt mindestens mit Gewinnstellung eine Qualität.} Ke7 29. Rc7
$18 Rd8 30. Bxe6 fxe6 31. c4 e5 32. Rd2 {Und Schwarz mußte aufgeben. Ribli.}
1-0

[Event "Tan Chin Nam Cup 3rd "]
[Site "Beijing"]
[Date "1997.08.13"]
[Round "4"]
[White "Tiviakov, Sergei"]
[Black "Liang, Jinrong"]
[Result "1-0"]
[WhiteElo "2590"]
[BlackElo "2425"]
[Annotator "Ribli,Z"]
[PlyCount "61"]
[EventDate "1997.08.11"]
[EventType "tourn"]
[EventRounds "11"]
[EventCountry "CHN"]
[EventCategory "12"]
[SourceTitle "CBM 061"]
[Source "ChessBase"]
[SourceDate "1997.11.23"]
[SourceVersion "1"]
[SourceVersionDate "1997.11.23"]
[SourceQuality "1"]

1. e4 c5 2. Nf3 Nc6 3. d4 cxd4 4. Nxd4 Qc7 {Eine früher selten, heutzutage
häufig gespielte Zugfolge. Da -meiner Meinung nach- die Variante 5.Nb5 Qb8 für
Schwarz nicht gefährlich ist, kann er mit dieser Zugfolge die nach 2...e6 3.d4
cxd4 4.Nxd4 e6 5.Nb5 entstehenden Varianten vermeiden.} 5. Nc3 e6 6. g3 a6 (
6... Nf6 $6 7. Bf4 {Das ist eine Alternative in der Variante mit 6.g3.} Ne5 (
7... e5 8. Ndb5 Qb8 9. Bg5 a6 10. Bxf6 gxf6 11. Na3 $14) 8. Ndb5 Qb8 9. Be2 Bc5
10. Bxe5 Qxe5 11. f4 $16) 7. Bg2 Nf6 8. O-O Bc5 9. Nxc6 dxc6 (9... bxc6 10. Re1
e5 11. Na4 Be7 12. c4 d6 13. b3 O-O 14. Be3 c5 15. h3 h6 16. Qd3 Bb7 17. Rac1
Rab8 18. Nc3 Bc6 {Zapata,M-Arancibia,E/Navarro mem 1997/0-1 (59)}) 10. Na4 (10.
Bg5 e5 (10... Nd7 11. e5 Qxe5 12. Bf4 Qf5 13. Ne4 O-O 14. Nxc5 Nxc5 15. Re1 f6
16. Qd6 {Anand,V-Lautier,J/London PCA-Intel GP 1995/EXP 49/[Vaisser]/1-0 (41)})
11. Bxf6 gxf6 12. Na4 Ba7 13. c4 b5 14. cxb5 axb5 {-/+ Skripchenko,A-Soffer,R/
Groningen (open) 1995 (24)}) (10. Qe2 e5 11. Be3 Bg4 12. f3 (12. Qe1 Bxe3 13.
Qxe3 O-O {1/2-1/2 Gruenfeld,Y-Lalic,B/Biel op 1995}) 12... Qb6 13. Bxc5 Qxc5+
14. Qf2 Qxf2+ 15. Rxf2 Be6 16. Rd2 g5 17. Kf2 Ke7 18. Rad1 a5 $10 {= Zlatic,
-Miladinovic,I/Jugoslavija 1994}) (10. e5 Qxe5 11. Bf4 Qd4 12. Qe2 Be7 13. Rfd1
Qa7 14. Na4 Bd7 15. b4 a5 16. Be3 Qa6 17. Qxa6 Rxa6 18. bxa5 Rxa5 19. Nb6 {
1/2-1/2 Bronstein,L-Fiorito,F/Open, Buenos Aires ARG 1997}) 10... Ba7 11. c4 (
11. b3 b5 $6 12. e5 $1 Nd5 13. c4 bxa4 14. cxd5 cxd5 15. Ba3 Qxe5 16. Re1 Qf5
17. Bxd5 {1-0 Neulinger,M-Topakian,R/AUT-chT96/97 1997 (41)}) (11. b4 e5 12.
Nc5 a5 13. a3 Bg4 14. Qe1 O-O 15. Be3 Nd7 16. Qc3 b5 17. Nxd7 Bxd7 18. Bxa7
Rxa7 19. Qc5 Bg4 20. h3 Be2 21. Rfe1 Bc4 {0-1 Lobjanidze,D-Miladinovic,I/Ano
Liosia op 1996 (39)}) 11... Nd7 (11... b5 12. e5 Nd7 13. cxb5 axb5 14. Nc3 Ba6
15. Ne4 (15. Re1 O-O-O $1 $13 16. Qe2 Nc5) 15... Nxe5 16. Bf4 O-O 17. Qh5 {
Dieser scheinbar aktive Zug ist nicht die beste Möglichkeit für Weiß.} (17. Qc2
$1 $44) 17... f6 18. Rac1 b4 19. Rfe1 Bb5 20. Bh3 g6 21. Nxf6+ Rxf6 22. Qxe5
Qxe5 23. Rxe5 Bd4 24. Rxe6 Bxb2 25. Rb1 Bc4 26. Rxf6 Bxf6 27. Rxb4 {1/2-1/2
Hakki,I-Horvath,J/Cairo-B 1997/EXP 57}) 12. b4 {Eine interessante Idee. Weiß
möchte den Ba7 mit c4-c5 einschränken.} (12. Qg4 Bd4 13. Bf4 Qa5 14. Qd1 e5 15.
Bd2 Qc7 16. Qg4 g6 17. Qe2 b5 18. Nc3 O-O 19. Rac1 Qd6 $13 {Popovic,
P-Miladinovic,Novi Sad 1994.}) 12... b5 (12... a5 {Dieser Zug erscheint mir
logisch, denn er verhindert die Hauptidee des Anziehenden.} 13. b5 {Nach
diesem Zug bleibt der Ba7 am Leben.} (13. a3 $2 axb4 14. axb4 b5 15. Nb2 Bxf2+
16. Rxf2 Rxa1) (13. bxa5 Qxa5 14. Ba3 {[%cal Ga3f8]} Qxa4 15. Qxa4 Bxf2+ 16.
Rxf2 Rxa4 17. Bd6 Rxc4 $17) (13. Ba3 b5 14. cxb5 cxb5 15. Rc1 $13) 13... e5 14.
Rb1 Bd4 15. Bb2 c5 16. Bxd4 cxd4 17. c5 Nxc5 18. Qc2 b6 19. Rfc1 Be6 20. Nxc5
Qxc5 21. Qxc5 bxc5 22. Rxc5 Bxa2 23. Rxe5+ Kd7 24. Rd1 {Spangenberg,H-Sadler,M/
Buenos Aires Najdorf 1995/CBM 49/1/2-1/2 (49)}) 13. Nb2 $14 c5 (13... O-O 14.
c5 {[%csl Ga7]} a5 15. a3) 14. bxc5 Bxc5 15. Qg4 $40 Kf8 {Wenn Schwarz zu
solch einem Zug greifen muß, heißt das, daß er sich in Schwierigkeiten
befindet.} (15... O-O 16. Bh6 Qe5 (16... Bd4 17. e5 $16) 17. Nd3 Qf6 18. e5
Qxh6 19. Bxa8 $18) 16. Nd3 h5 (16... Bd4 17. Ba3+ (17. e5 $5 Bxa1 (17... Qxc4
18. Ba3+ Kg8 19. Rac1 Bxf2+ $2 20. Nxf2 $18) 18. Bxa8 Qxc4 19. Ba3+ Kg8 20. Rc1
Qxg4 21. Rxc8+ $18) 17... Kg8 18. Rac1 $36) 17. Qf3 Bb7 18. Nxc5 Nxc5 (18...
Qxc5 $4 19. Ba3 $18) 19. Ba3 Kg8 20. Qe2 $1 {In einigen Varianten hängt Pb5,
zudem verteidigt Weiß seinen Pc4 und verbessert die Stellung seiner Dame.} Nd7
21. Rac1 $16 {Weiß steht viel aktiver und verfügt über das Läuferpaar. Der
schwarze König kommt nicht zur Ruhe.} h4 {Die schwarze Stellung ist schwer zu
spielen, so versucht der Chinese, im Trüben zu fischen.} 22. cxb5 Qa5 23. Bb2
hxg3 24. hxg3 axb5 (24... Qxb5 25. Qxb5 axb5 26. Rc7 $18) 25. Rfd1 {[%csl Rg8]
[%cal Gd1d7,Gc1c7]} (25. Qg4 Rh7 $8) 25... Nf8 26. Rc5 {[%csl Rb5,Gc5,Rg8]
[%cal Gc5g5,Gg5g7] Weiß hat großen positionellen Vorteil. Sein Turm auf der 5.
Reihe stellt eine besondere Gefahr für Schwarz dar.} Qxa2 27. Rc7 {[%csl Gc7]
[%cal Rc7b7,Rc7g7]} (27. Rxb5 $2 Ba6 28. Qg4 Ng6 29. Rb4 $14) 27... Ba6 (27...
Ra7 28. Qe3 $16 {Die Feßlung ist sehr unangenehm für Schwarz.}) 28. e5 (28. Qf3
Qxb2 (28... e5 29. Bxe5 $16) 29. Qxf7+ Kh7 30. e5 Qxe5 31. Bxa8 $18) 28... Rc8
29. Ra7 (29. Ra1 $2 Qxa1+ 30. Bxa1 Rxc7 $17) 29... Qb3 $2 {Schwarz begeht in
großer Not einen entscheidenden Fehler, der sofort verliert.} (29... Ng6 30.
Ra1 (30. Be4 $16) 30... Qxa1+ 31. Bxa1 Rc1+ 32. Bf1 Rxa1 33. Qf3 {[%csl Rf7]}
Nxe5 34. Ra8+ $18) 30. Rxa6 $18 Rc2 31. Rd2 {Mit einer Mehrfigur fällt Weiß
der Gewinn leicht.Ribli.} 1-0

[Event "FRA-ch"]
[Site "Narbonne"]
[Date "1997.08.29"]
[Round "14"]
[White "Koch, Jean Rene"]
[Black "Marciano, David"]
[Result "1/2-1/2"]
[WhiteElo "2495"]
[BlackElo "2470"]
[Annotator "Ribli,Z"]
[PlyCount "59"]
[EventDate "1997.08.15"]
[EventType "tourn"]
[EventRounds "15"]
[EventCountry "FRA"]
[EventCategory "9"]
[SourceTitle "CBM 061"]
[Source "ChessBase"]
[SourceDate "1997.11.23"]
[SourceVersion "1"]
[SourceVersionDate "1997.11.23"]
[SourceQuality "1"]

1. e4 c5 2. Nf3 e6 3. d4 cxd4 4. Nxd4 Nc6 5. Nc3 Qc7 6. Be2 a6 7. O-O b5 {
Eine in jüngster Zeit populäre Variante. Schwarz stellt die Entwicklung seines
Königsflügels zurück und konzentriert sich zunächst auf den Damenflügel.Ribli.}
8. Nxc6 dxc6 (8... Qxc6 $6 {Dieser Zug ist nicht logisch, weil Weiß schnell zu
Angriff kommt.} 9. Bf3 Bb7 10. Bf4 $5 d6 11. Re1 e5 12. a4 bxa4 (12... exf4 13.
e5 $16) 13. Rxa4 $16) 9. a4 (9. Bg5 Bb7 (9... Bd6 $5 10. f4 e5 11. f5 Nf6 $13)
10. Qd2 Nf6 11. Rad1 (11. Rfd1 c5 {1/2-1/2 Kuczynski,R-Ribli,Z/MK Cafe op 1997}
) 11... b4 12. Bxf6 gxf6 13. Na4 {Anand,V-Leko,P/Dortmund 1996/CBM 54/1-0 (39)}
) 9... Rb8 (9... b4 10. Nb1 Nf6 11. Bd3 (11. Nd2 Bb7 12. Bc4 Be7 13. a5 O-O 14.
Qe2 c5 15. Bd3 Nd7 16. Nc4 Bf6 17. f4 e5 18. f5 Bc6 19. Rf3 Qb7 20. Bd2 Rfd8
21. Rh3 Nf8 22. g4 {1-0 Vehi Bach,V-De la Fuente,A/Alicante op2 1989 (33)})
11... Bc5 $5 (11... Bb7 12. Nd2 Bd6 13. f4 Bxf4 14. Rxf4 Qxf4 15. Nc4 Qc7 16.
e5 Nd5 17. Nd6+ Kf8 18. Qh5 $40 {1-0 Jukic,M-Brajovic,R/Jugoslavija 1984 (31)})
12. c3 bxc3 13. Nxc3 a5 14. Qe2 e5 15. Bg5 Bg4 $1 16. Qc2 Nd7 {Waitzkin,
J-Benjamin,J/New York CITS 1996/1/2-1/2 (63)}) (9... Bb7 $2 10. axb5 cxb5 11.
Nxb5 axb5 12. Bxb5+ Ke7 13. Rxa8 Bxa8 14. Qd4 $18 {Wang Zili-Mortensen,E/
Copenhagen K41/1995/CBM48/}) 10. axb5 {Dieser Zug gefällt mir nicht, weil Weiß
jederzeit auf b5 tauschen kann. Der Bauernzug 10...b4 ist nie gefährlich: Er
wird mit 11.Nb1 (mit der Idee Nd2-c4) beantwortet.} (10. f4 Bb7 11. Kh1 (11.
Bf3 b4 12. Ne2 Rd8 13. Qe1 Nf6 14. e5 Nd5 15. Kh1 Be7 16. c4 {1/2-1/2 Watson,
W-Cramling,P/Brussels mix 1987/EXT 87}) 11... Rd8 12. Qe1 Be7 13. Be3 b4 14.
Nb1 c5 15. Nd2 Nf6 16. Bd3 $14 O-O 17. b3 a5 18. Qg3 g6 {Braga,F-Karpov,A/
Dubai olm 1986/TD 86\02/0-1 (39)}) (10. Be3 Be7 (10... Nf6 11. axb5 cxb5 12. e5
Qxe5 13. Ba7 Ra8 14. Bd4 Qb8 15. Bf3 Bb7 16. Be5 Qc8 {1/2-1/2 Jukic,
B-Dizdarevic,E/Osijek 1993 (19)}) 11. axb5 cxb5 12. Qd4 Nf6 13. Qa7 Qxa7 14.
Bxa7 Ra8 15. Bd4 Bb7 16. Bf3 b4 17. Na4 Rd8 18. c3 Nxe4 {1/2-1/2 Asrian,
K-Razuvaev,Y/Erevan op 1996/EXP 52}) 10... cxb5 $11 {Dieser Tausch kommt dem
schwarzen Bb7 zugute.} 11. Bd3 Bb7 12. Qe2 (12. Qg4 Nf6) (12. f4 Bc5+ 13. Kh1
Nf6 (13... Ne7) 14. e5 Nd5 15. Nxd5 Bxd5 16. Qg4 (16. Rxa6 $2 Qb7 $19) 16...
O-O 17. Rxa6 $14) 12... Bd6 {Schwarz provoziert den Zug 13.f4, was zur
Stärkung des Bb7 führt.} 13. f4 Ne7 (13... e5 $2 14. Nd5 $16) 14. e5 (14. Kh1
$5 e5 15. f5 f6 16. Qh5+ Kf8) 14... Bc5+ 15. Be3 {Es ist logisch, daß Weiß die
schwarzfeldrigen Läufer tauschen möchte, da der Punkt d6 immer eine Schwäche
darstellt.} (15. Kh1 O-O {[%csl Gb7,Gc5][%cal Gb7h1,Gc5g1]}) 15... Nf5 (15...
O-O 16. Ne4 Bxe3+ 17. Qxe3 Nf5 18. Qc5 Rfc8 (18... Qxc5+ 19. Nxc5 $14)) 16.
Bxc5 Qxc5+ 17. Qf2 Qb4 $6 {Das ist ein scheinaktiver Zug. Meiner Meinung nach
wäre es besser, die Damen zu tauschen und die Entwicklung zu beenden.} (17...
Qxf2+ $142 18. Kxf2 Ke7 $11 {[%csl Gb7]} 19. g4 Nd4 20. Be4 Rhc8 21. Bxb7 (21.
Rfd1 Bxe4 22. Rxd4 Bxc2 23. Rxa6 $11) 21... Rxb7 22. Rxa6 b4) 18. Ne4 Bxe4 (
18... O-O 19. c3 Qe7 20. Nc5 $14) 19. c3 Qb3 (19... Bxd3 $2 20. cxb4 Bxf1 21.
Kxf1 $16) 20. Bxe4 $14 {[%csl Ra6,Ge4] Weiß hat leichten Vorteil. Sein Läufer
kontrolliert das Brett und der schwarze Pa6 ist schwach.} O-O 21. Rxa6 b4 22.
Rc6 (22. Bxf5 exf5 23. cxb4 Rxb4 24. Rb1 g6 $14 {Weiß hat einen Mehrbauern,
aber die schwarzen Figuren stehen aktiv. Zudem ist das Material so weit
reduziert, daß die Punktteilung naheliegt.}) 22... bxc3 23. bxc3 g6 24. Bxf5
exf5 {[%csl Gb3,Rc3] Weiß hat zwar Materialvorteil, aber ich kann nicht
erkennen, wie es hier weitergehen soll.} 25. Re1 Rbc8 26. Qc5 (26. Rxc8 Rxc8
$11) 26... Qb7 27. Rxc8 Rxc8 28. Qb4 Qd5 $1 {Natürlich hält Schwarz die Damen
auf dem Brett.} (28... Qxb4 $2 29. cxb4 Rc4 30. Rb1 Rxf4 31. b5 Rc4 32. b6 Rc8
33. b7 (33. Kf2) 33... Rb8 34. Kf2 $16) 29. Qd4 Qb3 (29... Qxd4+ $2 30. cxd4
Rd8 31. Rd1 Rd5 32. Kf2 $16) 30. h3 $6 $11 {Und man einigte sich auf Remis, da
Schwarz das Material zurückgewinnt.Ribli.} (30. Rc1 $5 $14 Qb2 31. Qe3 Rd8) (
30. Re3 $5 $14 {Ich glaube, daß Schwarz sich bei gutem Spiel halten kann, aber
der Mehrbauer lebt noch!}) 1/2-1/2

[Event "Mario Covas 4th"]
[Site "Santos"]
[Date "2004.08.02"]
[Round "3"]
[White "Leitao, Rafael Duailibe"]
[Black "Coelho, Luis Henrique"]
[Result "0-1"]
[WhiteElo "2573"]
[BlackElo "2391"]
[Annotator "Ribli,Z"]
[PlyCount "54"]
[EventDate "2004.07.31"]
[EventType "tourn"]
[EventRounds "9"]
[EventCountry "BRA"]
[EventCategory "11"]
[SourceTitle "CBM 103"]
[Source "ChessBase"]
[SourceDate "2004.11.11"]
[SourceVersion "1"]
[SourceVersionDate "2004.11.11"]
[SourceQuality "1"]

1. e4 c5 2. Nf3 e6 3. d4 cxd4 4. Nxd4 Nc6 5. Nc3 Qc7 6. Be2 a6 7. O-O Nf6 8.
Kh1 {Dieser prophylaktische Koenigszug ist eine der Hauptvarianten (die andere
ist 8.Be3). Weiss moechte den c1B erst in Abhängigkeit des schwarzen
Partieaufbaus entwickeln und wartet darum mit dessen Entwicklung ab. Zum
Beispiel könnte Weiss nach 8...Bb4 9.Bg5 spielen.} Nxd4 ({Wie nach 8.Be3 kann
Schwarz auch hier mit} 8... d6 {die Scheweninger Variante waehlen.}) 9. Qxd4
Bc5 10. Qd3 b5 11. f4 Bb7 12. Bf3 O-O {Das ist die ruhige Fortsetzung, die
andere wichtige (und scharfe) Variante ist 12...h5, womit Schwarz den
Springerposten auf g4 sichert.} 13. e5 Ne8 14. a4 {Dieser Zug ist ein
wichtiges Motiv in dieser Variante, da Weiss den gegnerischen Damenfluegel
schwächen möchte. Aber in dieser konkreten Zugfolge wird dieser Zug sehr
selten gespielt.} (14. Bxb7 Qxb7 15. f5 f6 16. Bf4 Be7 $5 17. Bg3 Rc8 18. a3
fxe5 19. fxe6 Rxf1+ 20. Rxf1 dxe6 21. Bxe5 $11 {[%csl Re6][%cal Gb7h1]} Rc5 (
21... Nf6 $11) 22. Bd4 Rg5 23. Ne4 Rd5 24. Nc3 Rg5 25. Rf2 $6 (25. Ne4 $11)
25... Nd6 {[%cal Gd6c4,Gd6f5] 0-1 Nijboer,F-Van der Wiel,J/Leeuwarden 2003/CBM
96/[Ribli] (36)}) (14. Ne4 Be7 15. Be3 Rc8 16. c3 Bd5 17. Ng5 Bxg5 18. Bxd5 Be7
19. Be4 g6 20. g4 d5 21. Bf3 Ng7 22. a4 {1/2-1/2 Kalvyte,V-Djuric,V/Oropesa
del Mar 1998/EXT 2000 (39)}) 14... b4 15. Ne4 (15. Bxb7 Qxb7 16. Ne4 Be7 17.
Be3 Qc6 {Auf diese Weise haben wir mit Zugumstellung die Variante 13.Bxb7 Qxb7
14.a4 b4.}) 15... Be7 16. Be3 d6 (16... Rd8 $5 {[%cal Gd7d6]}) (16... d5 $5)
17. Bd4 {Weiss hält die Spannung im Zentrum - im Falle von 17.exd6 kommt der
passive e8N stark ins Spiel.} (17. exd6 Nxd6 $11) 17... dxe5 (17... Rd8 18. Qe3
Rc8 19. Rfc1 Bxe4 20. Bxe4 dxe5 21. Bxe5 Qa5 22. Qd3 h6 23. Qd7 Nf6 24. Qb7 Ng4
$11 {1-0 Szabolcsi,J-Fancsy,I/Hungary 1995/EXT 2000 (55)}) 18. fxe5 $14 {
[%csl Ge5,Re8] Weiss hat Raumvorteil im Zentrum und aktives Figurenspiel,
dagegen hat Schwarz Probleme mit der Platzierung des e8-Springers.} (18. Bxe5
Qc8 $11 (18... Qa5 $2 19. Ng5 Bxg5 20. Bxb7 Ra7 21. Be4 $16)) 18... f6 $2 {
[%mdl 16384] Schwarz verliert die Geduld und sprengt die Stellung, was aber
nur dem Gegner hilft.} (18... Bd5 $14) 19. exf6 Bxf6 (19... gxf6 20. a5 $16 {
[%cal Gd4b6]}) 20. Bc5 $6 {[%cal Rc5f8,Rc5b4] Mit diesem Zug gewinnt Weiss
zwar einen Bauern, dennoch ist das nicht die beste Fortsetzung.} (20. Nc5 $142
$1 $16 {[%csl Gc5]}) 20... Rf7 21. Bxb4 Rd8 22. Nxf6+ (22. Qe2 $142 Bxb2 23.
Ng5 Bxf3 24. Rxf3 Rxf3 25. Nxe6 Qd7 26. Qxf3 Nf6 27. Re1 $16) 22... Nxf6 23.
Qe2 $6 (23. Qc3 $16) 23... Bxf3 24. Rxf3 $4 {[%mdl 8192]} (24. Qxf3 Qxc2 25.
Bc3 $11) {[#]} 24... Ng4 $1 {[%csl Rh2][%cal Rc7h2] Droht Matt auf h2 und
Schwarz hat plötzlich eine Gewinnstellung bekommen.} 25. Rg3 (25. g3 Qc6 26.
Raf1 Ne5 $19) 25... Nf2+ 26. Kg1 Qb6 {[%csl Rg1][%cal Rb6b4,Rb6g1] Weiss kann
sich gegen die vielseitigen Drohungen nicht verteidigen - der b4B haengt und
der Koenig befindet sich im Mattnetz.} 27. Bd2 (27. c3 Rd1+ $1 28. Rxd1 Nxd1+
29. Kh1 Nf2+ 30. Kg1 Nh3+ 31. Kh1 Qg1#) 27... Rxd2 (27... Rxd2 28. Qxd2 Nd1+
29. Re3 Nxe3 $19) 0-1